Statistics for Countries with Sounds

Click here to take the quiz!

General Stats

  • This quiz has been taken 29 times
  • The average score is 11 of 16

Answer Stats

Country% Correct
New Zealand
93%
Norway
93%
Canada
89%
Denmark
89%
Sweden
89%
United Kingdom
89%
United States
89%
Australia
81%
France
74%
Ireland
74%
Germany
59%
Mexico
59%
Chile
52%
Philippines
37%
Bahamas
30%
Solomon Islands
19%

Score Distribution

Percentile by Number Answered

Percent of People with Each Score

Your Score History

You have not taken this quiz